Taylor Swift song - one word at the time #1 - Statistics

General Stats
  • This quiz has been taken 26 times
  • The average score is 227 of 294
Answer Stats
Answer % Correct
a
95%
the
95%
The
95%
you
95%
You
95%
I
90%
love
90%
me
90%
midnight
90%
at
85%
be
85%
Meet
85%
ever
85%
haze
85%
it
85%
lavender
85%
my
85%
on
85%
they
85%
want
85%
what
85%
your
85%
And
80%
and
80%
feel
80%
do
80%
feel
80%
from
80%
go
80%
if
80%
I'm
80%
in
80%
is
80%
Is
80%
just
80%
Midnights
80%
No
80%
Oh
80%
oh
80%
people
80%
read
80%
say
80%
stay
80%
this
80%
to
80%
up
80%
wanna
80%
creepin
75%
damn
75%
too
75%
give
75%
gonna
75%
shit
75%
wife
75%
with
75%
Yeah
75%
yeah
75%
All
70%
But
70%
chest
70%
creeping
70%
don't
70%
Get
70%
girl
70%
Lavender Haze
70%
need
70%
off
70%
only
70%
Only
70%
see
70%
that
70%
That
70%
asking
65%
been
65%
bride
65%
damned
65%
desk
65%
keep
65%
kinda
65%
much
65%
new
65%
one-night
65%
or
65%
1950s
60%
deal
60%
even
60%
into
60%
bringing
55%
ceiling
55%
history
55%
listening
55%
Talk
55%
talk
55%
They're
55%
viral
55%
beautifully
50%
find
50%
handle
50%
melancholia
50%
really
50%
spiral
50%
Staring
50%
under
50%
dizzying
45%
scrutiny
45%
surreal
45%
weren't
45%
No matching quizzes found
Score Distribution
Percent of People with Each Score
Percentile by Number Answered
Your Score History
You have not taken this quiz